Statystyki dla Trójkolorowe flagi Europy

Kliknij tutaj aby rozwiązać quiz!

Ogólne statystyki

  • Ten quiz został rozwiązany 11 282 razy
  • Średni wynik to 14 z 15

Statystyki odpowiedzi

Państwo% Poprawnych
Francja
99%
Włochy
97%
Belgia
96%
Estonia
96%
Niemcy
96%
Irlandia
95%
Rosja
94%
Holandia
92%
Litwa
91%
Rumunia
91%
Łotwa
90%
Austria
89%
Luksemburg
88%
Bułgaria
87%
Węgry
82%

Rozkład punktacji

Percentyl według liczby udzielonych odpowiedzi

Procent ludzi z każdym wynikiem

Twoja historia wyników

Nie rozwiązałeś tego quizu